000
00266nam a2200109Ia 4500
008
220204s9999 xx 000 0 und d
082
_a
82-3
_b
CHA
100
_a
Chase, James Hadley
245
0
_a
Like a hole in the head
260
_a
Herts
_b
Panther
_c
1975
942
_c
BK
999
_c
29331
_d
29331